La filosofía política en la Conquista de América.

Guardado en:
Detalles Bibliográficos
Autor principal: Zavala, Silvio Arturo (autor)
Formato: Libro
Publicado: México, D.F., México: Fondo de Cultura Económica, 1977.
Edición:Tercera edición, corregida y aumentada.
Colección:Colección Tierra Firme.
Materias:
Etiquetas: Agregar Etiqueta
Sin Etiquetas, Sea el primero en etiquetar este registro!

MARC

LEADER 00000nam a2200000 a 4500
001 UCT5094
003 CL-VaPUC
005 20220822114608.0
008 220712t1977 ||||| |||| 00| 0 eng d
999 |c 436913  |d 436911 
020 |a 968-16-1677-4 
040 |c Pontificia Universidad Católica de Valparaíso 
082 0 4 |a 980 ZAV 1977  |2 21 
100 0 |a Zavala, Silvio Arturo  |e autor  |9 374379 
245 1 3 |a La filosofía política en la Conquista de América. 
250 |a Tercera edición, corregida y aumentada. 
260 |a México, D.F., México:   |b Fondo de Cultura Económica,  |c 1977. 
300 |a 163 páginas. 
490 0 |a Colección Tierra Firme. 
500 |a c.1 Donación Familia Prof. Alejandro Guzmán Brito. 
583 |a last modification  |c 19961129 00:00:00  |k Catalogador Asistente 
651 0 |a América del Sur  |9 260128  |x Historia   |x Conquista 
942 |c BK  |2 ddc  |n 0 
952 |0 0  |1 0  |2 ddc  |4 0  |6 980_000000000000000_ZAV_1977  |7 0  |8 C_AGB  |9 584642  |a BIBDER  |b BIBDER  |d 2022-07-12  |e Donación  |i 5652791  |o 980 ZAV 1977  |p 5652791  |r 2023-01-25  |t 1  |w 2022-07-12  |y BK_US  |k AGB